[Event "LAT-chT"]
[Site "Riga"]
[Date "2018.12.15"]
[Round "9.6"]
[White "Miezis, Normunds"]
[Black "Ziedins, Roberts"]
[Result "1-0"]
[WhiteElo "2478"]
[BlackElo "1858"]
[PlyCount "153"]
[EventDate "2018.06.09"]
[EventType "team-tourn"]
[EventRounds "11"]
[EventCountry "LAT"]
[SourceTitle "CBM 189 Extra"]
[Source "ChessBase"]
[SourceDate "2019.06.03"]
[SourceVersion "1"]
[SourceVersionDate "2019.06.03"]
[SourceQuality "1"]
[WhiteTeam "Olaine"]
[BlackTeam "Rigas Saha School M"]
[WhiteTeamCountry "LAT"]
[BlackTeamCountry "LAT"]

1. c4 c5 2. Nc3 b6 3. g3 Bb7 4. e4 g6 5. Bg2 Bg7 6. Nge2 Nc6 7. 0-0 e6 8. f4 Nge7 9. d3 0-0 10. g4 f5 11. Ng3 Nd4 12. Rf2 d5 13. gxf5 gxf5 14. exd5 exd5 15. Nh5 Rf7 16. Kh1 Qd7 17. Rb1 dxc4 18. dxc4 Bxg2+ 19. Rxg2 Qc6 20. Be3 Kh8 21. Qf1 Rg8 22. Rd1 Nc2 23. Bg1 Bd4 24. Qe2 Qxg2+ 25. Qxg2 Rxg2 26. Kxg2 Rf8 27. Bf2 Bxf2 28. Kxf2 Nd4 29. Re1 Ng6 30. Nd5 Kg8 31. Nhf6+ Kg7 32. Ne8+ Kf7 33. Nd6+ Kg7 34. a4 Rd8 35. Nb5 Nxb5 36. axb5 Kf7 37. h4 h5 38. Rg1 Ne7 39. Nxe7 Kxe7 40. Rg7+ Ke8 41. Ke3 Rd4 42. b3 Re4+ 43. Kf3 Rd4 44. Rg5 Rd3+ 45. Ke2 Rxb3 46. Kd2 Rf3 47. Rxf5 Ke7 48. Ke2 Rc3 49. Rxh5 Rxc4 50. Kf3 Rb4 51. Rh7+ Kf6 52. h5 Rxb5 53. Rxa7 Rb1 54. Rb7 b5 55. h6 Rh1 56. Rxb5 Rxh6 57. Ke4 Rh1 58. Rb6+ Kf7 59. Ke5 Ra1 60. Rf6+ Ke7 61. Rc6 c4 62. Rc7+ Ke8 63. Kf6 Rc1 64. f5 c3 65. Re7+ Kd8 66. Re3 c2 67. Re2 Kd7 68. Kf7 Kd6 69. f6 Kd7 70. Rg2 Kd6 71. Kg7 Ke6 72. f7 Rf1 73. Re2+ Kd7 74. Rxc2 Rg1+ 75. Kf8 Rg3 76. Rd2+ Kc7 77. Rd4 1-0

[Event "LAT-chT"]
[Site "Riga"]
[Date "2018.12.15"]
[Round "8.2"]
[White "Ziedins, Roberts"]
[Black "Aleksandrov, Aleksej"]
[Result "0-1"]
[WhiteElo "1858"]
[BlackElo "2590"]
[PlyCount "74"]
[EventDate "2018.06.09"]
[EventType "team-tourn"]
[EventRounds "11"]
[EventCountry "LAT"]
[SourceTitle "CBM 189 Extra"]
[Source "ChessBase"]
[SourceDate "2019.06.03"]
[SourceVersion "1"]
[SourceVersionDate "2019.06.03"]
[SourceQuality "1"]
[WhiteTeam "Rigas Saha School M"]
[BlackTeam "Termo Eko/RSF"]
[WhiteTeamCountry "LAT"]
[BlackTeamCountry "LAT"]

1. e4 e5 2. Nf3 Nc6 3. d4 exd4 4. Nxd4 Nf6 5. Nxc6 bxc6 6. e5 Qe7 7. Qe2 Nd5 8. c4 Nb6 9. Nc3 a5 10. Qe4 g6 11. Bd3 Bg7 12. 0-0 0-0 13. Re1 a4 14. Bf4 Ba6 15. Rac1 Rfe8 16. Qe2 Rab8 17. Bg3 Qb4 18. a3 Qa5 19. f4 d6 20. Qe4 dxe5 21. Qxc6 Bb7 22. Qb5 Qa8 23. c5 Bc6 24. Qa6 Qxa6 25. Bxa6 Nd7 26. Rc2 Nxc5 27. Bf1 exf4 28. Rxe8+ Rxe8 29. Bf2 Nb3 30. Ne2 f3 31. Ng3 fxg2 32. Bxg2 Bxg2 33. Kxg2 c5 34. Ne2 Na1 35. Rd2 Bh6 36. Rd1 Rxe2 37. Rxa1 Be3 0-1

[Event "Milan Crespi op-C 35th"]
[Site "Milan"]
[Date "2014.12.05"]
[Round "2"]
[White "Ferrari, Claudio"]
[Black "Ziedins, Roberts"]
[Result "1/2-1/2"]
[WhiteElo "1969"]
[BlackElo "1770"]
[PlyCount "170"]
[EventDate "2014.12.04"]
[EventType "swiss"]
[EventRounds "7"]
[EventCountry "ITA"]
[SourceTitle "EXT 2017"]
[Source "ChessBase"]
[SourceDate "2016.10.25"]
[SourceVersion "1"]
[SourceVersionDate "2016.10.25"]
[SourceQuality "1"]

1. e4 c6 2. d4 d5 3. e5 Bf5 4. c4 dxc4 5. Bxc4 e6 6. Ne2 Nd7 7. 0-0 Nb6 8. Bb3 Ne7 9. Ng3 Bg6 10. Nc3 Ned5 11. f4 Qd7 12. Nce4 Bxe4 13. Nxe4 0-0-0 14. Qe2 Be7 15. Bd2 Kb8 16. Rad1 h6 17. a3 Nc7 18. Be3 Nbd5 19. Bc1 Nb5 20. Kh1 Nbc7 21. Kg1 Nb5 22. h3 Nbc7 23. Kh2 Nb5 24. Rf3 Nbc7 25. Bc2 Rhg8 26. Kh1 Rh8 27. Rg3 Rhg8 28. Rf3 Rh8 29. b4 Rhg8 30. Bb2 Rh8 31. Rdf1 Rhg8 32. f5 Rdf8 33. fxe6 Qxe6 34. Qf2 f6 35. exf6 Nxf6 36. Nc5 Bxc5 37. dxc5 Ncd5 38. Bb3 Qe8 39. Re1 Qd8 40. Qg3+ Ka8 41. Rd3 Re8 42. Rxe8 Qxe8 43. Bxf6 gxf6 44. Qf2 Qe4 45. Bxd5 cxd5 46. Qf3 Qe1+ 47. Kh2 Qe5+ 48. g3 Re8 49. h4 d4 50. Kh3 Qe6+ 51. Qg4 f5 52. Qxd4 a6 53. Qd5 Qe1 54. Qf3 Qe6 55. Rd6 Qe4 56. Qxe4 fxe4 57. Rd1 e3 58. Re1 e2 59. Kg2 Re3 60. Kf2 Rxa3 61. Rxe2 Rb3 62. Re4 Kb8 63. g4 Kc7 64. g5 hxg5 65. hxg5 Rd3 66. Re7+ Kc6 67. g6 Rd5 68. g7 Rg5 69. Kf3 b6 70. Re6+ Kc7 71. Rxb6 a5 72. bxa5 Rxg7 73. a6 Rg1 74. Ke4 Re1+ 75. Kd4 Rd1+ 76. Ke3 Re1+ 77. Kd2 Rh1 78. Rg6 Ra1 79. Kc2 Ra5 80. Rg7+ Kc6 81. Rg6+ Kc7 82. Kb3 Rxc5 83. Kb4 Rh5 84. a7 Kb7 85. Rg7+ Ka8 1/2-1/2

[Event "EU Union-ch U14"]
[Site "Malenovice"]
[Date "2013.09.03"]
[Round "7"]
[White "Ziedins, Roberts"]
[Black "Marek, Matyas"]
[Result "0-1"]
[WhiteElo "1760"]
[BlackElo "2042"]
[PlyCount "54"]
[EventDate "2013.08.28"]
[EventType "swiss"]
[EventRounds "9"]
[EventCountry "CZE"]
[SourceTitle "CBM 156 Extra"]
[Source "ChessBase"]
[SourceDate "2013.10.22"]
[SourceVersion "1"]
[SourceVersionDate "2013.10.22"]
[SourceQuality "1"]

1. e4 c5 2. Nf3 Nc6 3. d4 cxd4 4. Nxd4 e5 5. Nb5 d6 6. N1c3 a6 7. Na3 Be7 8. Nd5 Nf6 9. Nxe7 Nxe7 10. Bd3 d5 11. exd5 Nexd5 12. 0-0 0-0 13. Bg5 h6 14. Bxf6 Nxf6 15. Re1 Qc7 16. Kh1 Ng4 17. Kg1 e4 18. Bxe4 Qxh2+ 19. Kf1 Nf6 20. Bf3 Bd7 21. Re3 Rfe8 22. Rb1 Rad8 23. Qe1 Bg4 24. Rd1 Qh1+ 25. Ke2 Rxe3+ 26. fxe3 Qxg2+ 27. Qf2 Bxf3+ 0-1

[Event "EU Union-ch U14"]
[Site "Malenovice"]
[Date "2013.09.01"]
[Round "5"]
[White "Ziedins, Roberts"]
[Black "Liska, Jiri2222"]
[Result "1-0"]
[WhiteElo "1760"]
[BlackElo "1862"]
[PlyCount "119"]
[EventDate "2013.08.28"]
[EventType "swiss"]
[EventRounds "9"]
[EventCountry "CZE"]
[SourceTitle "CBM 156 Extra"]
[Source "ChessBase"]
[SourceDate "2013.10.22"]
[SourceVersion "1"]
[SourceVersionDate "2013.10.22"]
[SourceQuality "1"]

1. e4 c5 2. Nf3 Nc6 3. d4 cxd4 4. Nxd4 Nf6 5. Nc3 e5 6. Ndb5 d6 7. Bg5 a6 8. Na3 b5 9. Nd5 Be7 10. Bxf6 Bxf6 11. c3 Bg5 12. Nc2 0-0 13. a4 Rb8 14. axb5 axb5 15. Be2 f5 16. exf5 Bxf5 17. 0-0 Be6 18. Bg4 Bd7 19. Ncb4 Nxb4 20. Nxb4 Be8 21. Be6+ Kh8 22. Ra6 Rb6 23. Qa1 Rxa6 24. Qxa6 Rf6 25. Bd5 Rf8 26. Bc6 Bf7 27. Qxb5 Qf6 28. Qd3 Bg6 29. Be4 Be8 30. Nd5 Qh6 31. b4 Bc6 32. b5 Bxd5 33. Bxd5 Bd8 34. Rd1 Bb6 35. Bf3 Qh4 36. Rd2 Bc5 37. Ra2 Qf4 38. Qb1 Bb6 39. Ra6 e4 40. Rxb6 exf3 41. Ra6 fxg2 42. Ra2 Qf3 43. b6 Qb7 44. c4 h6 45. Ra7 Qf3 46. Ra2 Qb7 47. Rd2 Kg8 48. Rxd6 Qf3 49. Qe1 Qf4 50. c5 Kh8 51. Qd2 Qe4 52. Rd8 Rxd8 53. Qxd8+ Kh7 54. Qd6 Qe1+ 55. Kxg2 Qe4+ 56. Kg3 h5 57. f3 h4+ 58. Kf2 Qc2+ 59. Ke3 Qc1+ 60. Ke4 1-0

[Event "EU Union-ch U14"]
[Site "Malenovice"]
[Date "2013.08.29"]
[Round "2"]
[White "Liebert, Erwin"]
[Black "Ziedins, Roberts"]
[Result "0-1"]
[WhiteElo "1569"]
[BlackElo "1760"]
[PlyCount "84"]
[EventDate "2013.08.28"]
[EventType "swiss"]
[EventRounds "9"]
[EventCountry "CZE"]
[SourceTitle "CBM 156 Extra"]
[Source "ChessBase"]
[SourceDate "2013.10.22"]
[SourceVersion "1"]
[SourceVersionDate "2013.10.22"]
[SourceQuality "1"]

1. e4 c6 2. d4 d5 3. Nc3 dxe4 4. Nxe4 Bf5 5. Ng3 Bg6 6. Nf3 Nd7 7. h4 h6 8. h5 Bh7 9. Bd3 Bxd3 10. Qxd3 Ngf6 11. Bf4 e6 12. c4 Bb4+ 13. Bd2 Bxd2+ 14. Qxd2 0-0 15. 0-0-0 a5 16. Qe2 b5 17. cxb5 cxb5 18. Qxb5 Rb8 19. Qd3 Nd5 20. Kb1 Qb6 21. Rd2 Rfc8 22. Rc1 Rxc1+ 23. Kxc1 Nb4 24. Qc4 Qb7 25. Kd1 Rc8 26. Qb3 Qc6 27. Ne2 Qe4 28. Nc3 Qg4 29. a3 Qxg2 30. Ne1 Qg4+ 31. f3 Qxh5 32. axb4 axb4 33. Qxb4 Ra8 34. Na4 Qd5 35. Nb6 Qb7 36. Qe7 Ra1+ 37. Ke2 Qa6+ 38. Nc4 Qxc4+ 39. Kf2 Nf6 40. b4 Rb1 41. Qd8+ Kh7 42. Nd3 Nd5 0-1

[Event "Palanga op"]
[Site "Palanga"]
[Date "2013.06.18"]
[Round "2"]
[White "Ziedins, Roberts"]
[Black "Roos, Daniel"]
[Result "1-0"]
[WhiteElo "1775"]
[BlackElo "1541"]
[PlyCount "62"]
[EventDate "2013.06.17"]
[EventType "swiss"]
[EventRounds "9"]
[EventCountry "LTU"]
[SourceTitle "EXT 2014"]
[Source "ChessBase"]
[SourceDate "2013.11.20"]
[SourceVersion "1"]
[SourceVersionDate "2013.11.20"]
[SourceQuality "1"]

1. e4 c5 2. Nf3 d6 3. d4 cxd4 4. Nxd4 Nf6 5. Nc3 g6 6. Be3 Bg7 7. Be2 0-0 8. 0-0 Nc6 9. Qd2 Bd7 10. f4 Ng4 11. Bxg4 Bxg4 12. f5 Ne5 13. h3 Nc4 14. Qc1 Nxe3 15. Qxe3 Qb6 16. f6 Bxf6 17. Rxf6 exf6 18. hxg4 Rfe8 19. Rd1 Kg7 20. Nd5 Qxb2 21. Nc7 Qxa2 22. Nxa8 Rxa8 23. g5 fxg5 24. Qxg5 Qb2 25. Qb5 Qxb5 26. Nxb5 Rc8 27. Rd2 Kf6 28. Nxd6 Rd8 29. Rf2+ Ke7 30. Nxf7 Rf8 31. Ne5 Rxf2 1-0